000 00731nam a22002297a 4500
999 _c33766
_d33766
001 3054
003 CO-MdFUSB
005 20180622073129.0
008 180427t1959 ag ||||| |||| 00| 0 spa d
040 _aCO-MdFUSB
_bspa
_cCO-MdFUSB
_dCO-MdFUSBC
_erda
041 0 _aspa
_heng
082 0 4 _aG 228.1 B2441a
100 1 _aBarclay, William (1907-1978)
_eautor
245 1 3 _aEl Nuevo Testamento comentado por William Barclay
_b: Apocalipsis
_c/ William Barclay
264 4 _aBuenos Aires, Argentina :
_bLa Aurora,
_c©1959
300 _a490 Pag.
336 _2rdacontent
_atexto
_btxt
337 _2rdamedia
_asin mediación
_bn
338 _2rdacarrier
_avolumen
_bnc
653 _aBiblia N.T. - Apocalipsis - Comentarios
942 _cBK